1650 1790 1971 1603 1720 1632 1036 1370 1644 1529 1768 1727 1159 1856 1800 1780 1467 1410 1207 1253 1721 1442 1315 1737 1556 1105 1115 1690 1976 1516 1122 1225 1865 1026 1649 1999 1165 1126 1254 1440 1129 1133 1377 1518 1370 1128 1329 1081 1989 1266 1387 1007 1707 1033 1997 1771 1018 1371 1729 1748 1923 1590 1228 1447 1778 1856 1979 1717 1997 1646 1223 1120 1321 1636 1380 1147 1259 1555 1408 1706 1715 1351 1424 1379 1819 1414 1442 1283 1025 1813 1303 1708 1698 1049 1264 1293 1316 1672 1713 BCNSPRNW ULIB Ver.6.0+V

เปลี่ยนเป็นภาษาไทย

Change to English
 แสดงรายละเอียดบรรณานุกรม
  กลับหน้าหลัก

Brief Record : Get Marc (ISO 2709) : E-mail record : QR code < ปิดหน้าต่าง
LEADER : 00000nam 2200000uu 4500
001    13399112417
003     ULIB
008    110627s2553||||th 000 0 tha d
020    9786167030623(ล.1)
090    นว.^bห686ส ล.1 2553
100 0  เหมันต์
245 00 สงครามชีวิต โอชิน เล่ม 1/^cเหมันต์
250    พิมพ์ครั้งที่ 1
260    กรุงเทพฯ :^bอนิเมทกรุ๊ป,^c2553
300    240 หน้า
710 1  อนิเมทกรุ๊ป
945    ^p150^l0^i028030
995    ทศพร
999 ^a ใช้งานได้ทุกระบบ
รายการนี้ยังไม่มีแท็ก
คุณยังไม่ได้ล็อกอิน คุณสามารถมีกิจกรรมร่วมกับเว็บไซต์ได้ แต่ต้องล็อกอินก่อน ::
  ล็อกอิน

รายการสื่อสารสนเทศ

ลำดับที่ ประเภท เลขเรียก/บาร์โค้ด สถานที่ สถานะ
- ไม่พบข้อมูล -

รายการใกล้เคียง
    ผู้แต่ง [เหมันต์]

BibComment


ยังไม่เคยถูกคอมเมนท์

คอมเมนท์ทรัพยากรรายการนี้
  คอมเมนท์: สงครามชีวิต โอชิน..


 Copyright 2026. Bcnsprnw @Library